Ευρώ : οι επιδράσεις από την εισαγωγή του ευρώ στις τραπεζικές εργασίες

Αποθηκεύτηκε σε:
Λεπτομέρειες βιβλιογραφικής εγγραφής
Κύριος συγγραφέας: Γκόρτσος, Χρήστος Βλ
Συγγραφή απο Οργανισμό/Αρχή: Ένωση Ελληνικών Τραπεζών Ελληνικό Τραπεζικό Ινστιτούτο
Άλλοι συγγραφείς: Κεφαλάς, Χρήστος, Σαχινίδης, Φίλιππος Δ., 1963-
Μορφή: Βιβλίο
Γλώσσα:Greek
Δημοσίευση: Αθήνα : Ένωση Ελληνικών Τραπεζών. Ελληνικό Τραπεζικό Ινστιτούτο, c1999
Σειρά:Κατάρτιση εξ αποστάσεως ; ; 7
Θέματα:
Ετικέτες: Προσθήκη ετικέτας
Δεν υπάρχουν, Καταχωρήστε ετικέτα πρώτοι!

MARC

LEADER 00000cam a2200000 i 4500
001 1/20933
008 010831s1999 gre d
035 |l 10067212 
040 |a GR-MY-UA  |b gre  |e aacr 
041 0 |a gre 
082 0 |a 332.45 
100 1 |a Γκόρτσος, Χρήστος Βλ. 
245 1 0 |a Ευρώ :   |b οι επιδράσεις από την εισαγωγή του ευρώ στις τραπεζικές εργασίες /  |c Γκόρτσος Χρήστος, Κεφαλάς Χρήστος, Σαχινίδης Φίλλιπος 
260 |a Αθήνα :   |b Ένωση Ελληνικών Τραπεζών. Ελληνικό Τραπεζικό Ινστιτούτο,   |c c1999 
300 |a 1τ. (σε ποικίλη σελιδαρίθμηση) 
490 1 |a Κατάρτιση εξ αποστάσεως  |v ; 7 
610 2 0 |a Economic and Monetary Union. 
650 0 0 |a Euro. 
650 0 0 |a Banks and banking  |z Greece. 
650 0 0 |a Money  |z Greece. 
700 1 |a Κεφαλάς, Χρήστος. 
700 1 |a Σαχινίδης, Φίλιππος Δ.,   |d 1963- 
710 2 |a Ένωση Ελληνικών Τραπεζών  |b Ελληνικό Τραπεζικό Ινστιτούτο. 
830 0 |a Κατάρτιση εξ αποστάσεως ;  |v ; 7 
852 |a INST  |b CHIOS  |e 20010831  |h 332.45 ΓΚΟ  |p 005200021105  |q 005200021105  |t BK  |y 0 
901 |a BIBL2-2001-2 
909 |a Χ  |b 083932 
970 |a ΣΑΛΑΜΟΥΡΑ  |b ΜΑΡΙΑ  |z 2001/08/31